MARC

Tag First Indicator Second Indicator Subfields
LEADER 00000cas a2200000 a 4500
001 in00000487565
008 750124c19609999fluqr p 0 a0eng
005 20260602180903.0
010 |a  70013732  
012 |a 3  |b 3  |e n  |k 1  |m 1 
016 7 |a 011749059  |2 Uk 
019 |a 1553964  |a 5731659  |a 976825058  |a 989646652  |a 1064923428  |a 1113712660  |a 1124350503  |a 1179470077 
022 |a 0009-2479  |2 1 
023 0 |a 0009-2479  |2 1 
029 1 |a AU@  |b 000001140619 
029 1 |a AU@  |b 000047835480 
029 1 |a NLGGC  |b 03661811X 
029 1 |a NZ1  |b 13984177 
029 1 |a NZ1  |b 3164758 
029 1 |a UKMGB  |b 011749059 
029 1 |a AU@  |b 000077638837 
030 |a CHEDAY 
032 |a 101900  |b USPS 
035 |z (OCoLC)1553964  |z (OCoLC)5731659  |z (OCoLC)976825058  |z (OCoLC)989646652  |z (OCoLC)1064923428  |z (OCoLC)1113712660  |z (OCoLC)1124350503  |z (OCoLC)1179470077 
035 |a (OCoLC)1151209 
037 |b Dept. of Chemical Engineering, University of Florida, Gainesville, FL 32611 
040 |a DLC  |b eng  |c OUN  |d NSD  |d DLC  |d NSD  |d SER  |d AIP  |d NST  |d AIP  |d OCL  |d NST  |d IUL  |d WAU  |d OCLCQ  |d UKMGB  |d FUG  |d CUV  |d DLC  |d CLU  |d OCLCF  |d CUV  |d OCLCQ  |d FUG  |d CUI  |d FUG  |d OCLCQ  |d P4A  |d DCHUA  |d OCLCQ 
042 |a nsdp  |a pcc 
050 0 0 |a TP165  |b .C18 
210 0 |a Chem. eng. educ. 
222 0 |a Chemical engineering education 
245 0 0 |a Chemical engineering education. 
246 1 3 |a CEE  |f winter 1968- 
264 1 |a Storrs, Conn. :  |b Chemical Engineering Division, American Society for Engineering Education,  |c [1960?-] 
300 |a volumes :  |b illustrations ;  |c 22-28 cm 
310 |a Quarterly,  |b 1962- 
321 |a Annual,  |b 1960-1961 
336 |a text  |b txt  |2 rdacontent 
337 |a unmediated  |b n  |2 rdamedia 
338 |a volume  |b nc  |2 rdacarrier 
362 0 |a 1960-June 1964 ; v. 1, no. 1 (Oct. 1965)- 
500 |a Title from cover. 
500 |a Place of publication varies: Rochester, N.Y., 1965-1967; Gainesville, Fla., 1968- 
510 2 |a Chemical abstracts  |x 0009-2258 
515 |a Publication suspended briefly: issue designated v. 1, no. 4 (June 1966) published Nov. 1967. 
555 |a Vols. 1-5, 1967-71, in v. 5; vols. 6-10, 1972-76, in v. 10. 
588 |a Latest issue consulted: Vol. 45, no. 4 (autumn 2011). 
650 0 |a Chemical engineering  |x Study and teaching  |v Periodicals. 
650 7 |a Chemical engineering  |x Study and teaching.  |2 fast  |0 (OCoLC)fst00852925 
655 7 |a Periodicals.  |2 fast  |0 (OCoLC)fst01411641 
658 |a Engineering Serials. 
710 2 |a American Society for Engineering Education.  |b Chemical Engineering Division. 
776 0 8 |i Online version:  |t Chemical engineering education (Online)  |x 2165-6428  |w (DLC) 2012200505  |w (OCoLC)60624346 
850 |a CoFS  |a CoU  |a DLC  |a InU  |a NhD  |a NjR  |a OCU 
856 4 1 |u http://bibpurl.oclc.org/web/45464  |u http://ufdc.ufl.edu/AA00000383/00001/allvolumes  |7 0  |t 0 
856 4 1 |u http://bibpurl.oclc.org/web/85905  |u http://journals.fcla.edu/cee/issue/archive  |7 0  |t 0 
856 4 1 |u https://ufdc.ufl.edu/AA00000383  |y University of Florida Digital Collections, Full view  |x Also available online  |t 0 
936 |a AACR2=WAU 
948 |h NO HOLDINGS IN TXA - 164 OTHER HOLDINGS 
994 |a Z0  |b TXA 
999 f f |s 01330a0c-a2e9-3aa9-b759-5dfe9afb0601  |i c99b1691-a722-3bda-bf14-b6b3345bab49  |t 0 
952 f f |a Texas A&M University  |b Rellis Campus  |c Joint Library Facility  |d Remote Storage  |e TP165 .C18  |h Library of Congress classification  |i unmediated -- volume  |k v.33  |l 1999  |m A14826396735  |p ric  |s JLF  |t 0 
952 f f |a Texas A&M University  |b Rellis Campus  |c Joint Library Facility  |d Remote Storage  |e TP165 .C18  |h Library of Congress classification  |i unmediated -- volume  |k v.51:no.3-4  |l 2017:Summer-Fall  |m A14850343014  |p ric  |s JLF  |t 0 
952 f f |a Texas A&M University  |b Rellis Campus  |c Joint Library Facility  |d Remote Storage  |e TP165 .C18  |h Library of Congress classification  |i unmediated -- volume  |k v.43:no.1-3  |l 2009:Winter-Summer  |m A14838988352  |p ric  |s JLF  |t 0 
952 f f |a Texas A&M University  |b Rellis Campus  |c Joint Library Facility  |d Remote Storage  |e TP165 .C18  |h Library of Congress classification  |i unmediated -- volume  |k v.44:no.3-4  |l 2010:Summer-Fall  |m A14843121154  |p ric  |s JLF  |t 0 
952 f f |a Texas A&M University  |b Rellis Campus  |c Joint Library Facility  |d Remote Storage  |e TP165 .C18  |h Library of Congress classification  |i unmediated -- volume  |k v.23  |l 1989  |m A14814366229  |p ric  |s JLF  |t 0 
952 f f |a Texas A&M University  |b Rellis Campus  |c Joint Library Facility  |d Remote Storage  |e TP165 .C18  |h Library of Congress classification  |i unmediated -- volume  |k v.9-10  |l 1975-76  |m A14852833541  |p ric  |s JLF  |t 0 
952 f f |a Texas A&M University  |b Rellis Campus  |c Joint Library Facility  |d Remote Storage  |e TP165 .C18  |h Library of Congress classification  |i unmediated -- volume  |k v.30  |l 1996  |m A14821431653  |p ric  |s JLF  |t 0 
952 f f |a Texas A&M University  |b Rellis Campus  |c Joint Library Facility  |d Remote Storage  |e TP165 .C18  |h Library of Congress classification  |i unmediated -- volume  |k v.26  |l 1992  |m A14817160826  |p ric  |s JLF  |t 0 
952 f f |a Texas A&M University  |b Rellis Campus  |c Joint Library Facility  |d Remote Storage  |e TP165 .C18  |h Library of Congress classification  |i unmediated -- volume  |k v.34  |l 2000  |m A14828563126  |p ric  |s JLF  |t 0 
952 f f |a Texas A&M University  |b Rellis Campus  |c Joint Library Facility  |d Remote Storage  |e TP165 .C18  |h Library of Congress classification  |i unmediated -- volume  |k v.54:no.3-4  |l 2020:Summer-Fall  |m A14851497868  |p ric  |s JLF  |t 0 
952 f f |a Texas A&M University  |b Rellis Campus  |c Joint Library Facility  |d Remote Storage  |e TP165 .C18  |h Library of Congress classification  |i unmediated -- volume  |k v.47:no.3-4  |l 2013:Summer-Fall  |m A14843121097  |p ric  |s JLF  |t 0 
952 f f |a Texas A&M University  |b Rellis Campus  |c Joint Library Facility  |d Remote Storage  |e TP165 .C18  |h Library of Congress classification  |i unmediated -- volume  |k v.11 -v.12  |l 1977-1978  |m A14818726138  |p ric  |s JLF  |t 0 
952 f f |a Texas A&M University  |b Rellis Campus  |c Joint Library Facility  |d Remote Storage  |e TP165 .C18  |h Library of Congress classification  |i unmediated -- volume  |k v.13-14  |l 1979-80  |m A14852833665  |p ric  |s JLF  |t 0 
952 f f |a Texas A&M University  |b Rellis Campus  |c Joint Library Facility  |d Remote Storage  |e TP165 .C18  |h Library of Congress classification  |i unmediated -- volume  |k v.49:no.1-2  |l 2015:Winter-Spring  |m A14843121063  |p ric  |s JLF  |t 0 
952 f f |a Texas A&M University  |b Rellis Campus  |c Joint Library Facility  |d Remote Storage  |e TP165 .C18  |h Library of Congress classification  |i unmediated -- volume  |k v.36  |l 2002  |m A14830972577  |p ric  |s JLF  |t 0 
952 f f |a Texas A&M University  |b Rellis Campus  |c Joint Library Facility  |d Remote Storage  |e TP165 .C18  |h Library of Congress classification  |i unmediated -- volume  |k v.28  |l 1994  |m A14818835945  |p ric  |s JLF  |t 0 
952 f f |a Texas A&M University  |b Rellis Campus  |c Joint Library Facility  |d Remote Storage  |e TP165 .C18  |h Library of Congress classification  |i unmediated -- volume  |k v.29  |l 1995  |m A14819992318  |p ric  |s JLF  |t 0 
952 f f |a Texas A&M University  |b Rellis Campus  |c Joint Library Facility  |d Remote Storage  |e TP165 .C18  |h Library of Congress classification  |i unmediated -- volume  |k v.24  |l 1990  |m A14814366279  |p ric  |s JLF  |t 0 
952 f f |a Texas A&M University  |b Rellis Campus  |c Joint Library Facility  |d Remote Storage  |e TP165 .C18  |h Library of Congress classification  |i unmediated -- volume  |k v.46:no.3-4  |l 2012:Summer-Fall  |m A14843121113  |p ric  |s JLF  |t 0 
952 f f |a Texas A&M University  |b Rellis Campus  |c Joint Library Facility  |d Remote Storage  |e TP165 .C18  |h Library of Congress classification  |i unmediated -- volume  |k v.27  |l 1993  |m A14818420774  |p ric  |s JLF  |t 0 
952 f f |a Texas A&M University  |b Rellis Campus  |c Joint Library Facility  |d Remote Storage  |e TP165 .C18  |h Library of Congress classification  |i unmediated -- volume  |k v.53:no.1-2  |l 2019:Winter-Spring  |m A14851467366  |p ric  |s JLF  |t 0 
952 f f |a Texas A&M University  |b Rellis Campus  |c Joint Library Facility  |d Remote Storage  |e TP165 .C18  |h Library of Congress classification  |i unmediated -- volume  |k v.22  |l 1988  |m A14811735110  |p ric  |s JLF  |t 0 
952 f f |a Texas A&M University  |b Rellis Campus  |c Joint Library Facility  |d Remote Storage  |e TP165 .C18  |h Library of Congress classification  |i unmediated -- volume  |k v.7-8  |l 1973-74  |m A14852833533  |p ric  |s JLF  |t 0 
952 f f |a Texas A&M University  |b Rellis Campus  |c Joint Library Facility  |d Remote Storage  |e TP165 .C18  |h Library of Congress classification  |i unmediated -- volume  |k v.50:no.1-2  |l 2016:Winter-Spring  |m A14850342982  |p ric  |s JLF  |t 0 
952 f f |a Texas A&M University  |b Rellis Campus  |c Joint Library Facility  |d Remote Storage  |e TP165 .C18  |h Library of Congress classification  |i unmediated -- volume  |k v.43:no.4  |l 2009:Fall  |m A14838992880  |p ric  |s JLF  |t 0 
952 f f |a Texas A&M University  |b Rellis Campus  |c Joint Library Facility  |d Remote Storage  |e TP165 .C18  |h Library of Congress classification  |i unmediated -- volume  |k v.31  |l 1997  |m A14823884608  |p ric  |s JLF  |t 0 
952 f f |a Texas A&M University  |b Rellis Campus  |c Joint Library Facility  |d Remote Storage  |e TP165 .C18  |h Library of Congress classification  |i unmediated -- volume  |k v.15-16  |l 1981-82  |m A14852833558  |p ric  |s JLF  |t 0 
952 f f |a Texas A&M University  |b Rellis Campus  |c Joint Library Facility  |d Remote Storage  |e TP165 .C18  |h Library of Congress classification  |i unmediated -- volume  |k v.51:no.1-2  |l 2017:Winter-Spring  |m A14850343006  |p ric  |s JLF  |t 0 
952 f f |a Texas A&M University  |b Rellis Campus  |c Joint Library Facility  |d Remote Storage  |e TP165 .C18  |h Library of Congress classification  |i unmediated -- volume  |k v.5-6  |l 1971-72  |m A14852833525  |p ric  |s JLF  |t 0 
952 f f |a Texas A&M University  |b Rellis Campus  |c Joint Library Facility  |d Remote Storage  |e TP165 .C18  |h Library of Congress classification  |i unmediated -- volume  |k v.45:no.1-2  |l 2011:Winter-Spring  |m A14843121147  |p ric  |s JLF  |t 0 
952 f f |a Texas A&M University  |b Rellis Campus  |c Joint Library Facility  |d Remote Storage  |e TP165 .C18  |h Library of Congress classification  |i unmediated -- volume  |k v.50:no.3-4  |l 2016:Summer-Fall  |m A14850342990  |p ric  |s JLF  |t 0 
952 f f |a Texas A&M University  |b Rellis Campus  |c Joint Library Facility  |d Remote Storage  |e TP165 .C18  |h Library of Congress classification  |i unmediated -- volume  |k v.41  |l 2007  |m A14837279734  |p ric  |s JLF  |t 0 
952 f f |a Texas A&M University  |b Rellis Campus  |c Joint Library Facility  |d Remote Storage  |e TP165 .C18  |h Library of Congress classification  |i unmediated -- volume  |k v.45:no.3-4  |l 2011:Summer-Fall  |m A14843121139  |p ric  |s JLF  |t 0 
952 f f |a Texas A&M University  |b Rellis Campus  |c Joint Library Facility  |d Remote Storage  |e TP165 .C18  |h Library of Congress classification  |i unmediated -- volume  |k v.44:no.1-2  |l 2010:Winter-Spring  |m A14843121162  |p ric  |s JLF  |t 0 
952 f f |a Texas A&M University  |b Rellis Campus  |c Joint Library Facility  |d Remote Storage  |e TP165 .C18  |h Library of Congress classification  |i unmediated -- volume  |k v.38  |l 2004  |m A14833712803  |p ric  |s JLF  |t 0 
952 f f |a Texas A&M University  |b Rellis Campus  |c Joint Library Facility  |d Remote Storage  |e TP165 .C18  |h Library of Congress classification  |i unmediated -- volume  |k v.54:no.1-2  |l 2020:Winter-Spring  |m A14851497850  |p ric  |s JLF  |t 0 
952 f f |a Texas A&M University  |b Rellis Campus  |c Joint Library Facility  |d Remote Storage  |e TP165 .C18  |h Library of Congress classification  |i unmediated -- volume  |k v.21  |l 1987  |m A14811735063  |p ric  |s JLF  |t 0 
952 f f |a Texas A&M University  |b Rellis Campus  |c Joint Library Facility  |d Remote Storage  |e TP165 .C18  |h Library of Congress classification  |i unmediated -- volume  |k v.19 -v.20  |l 1985-1986  |m A14811193261  |p ric  |s JLF  |t 0 
952 f f |a Texas A&M University  |b Rellis Campus  |c Joint Library Facility  |d Remote Storage  |e TP165 .C18  |h Library of Congress classification  |i unmediated -- volume  |k v.35  |l 2001  |m A14828784730  |p ric  |s JLF  |t 0 
952 f f |a Texas A&M University  |b Rellis Campus  |c Joint Library Facility  |d Remote Storage  |e TP165 .C18  |h Library of Congress classification  |i unmediated -- volume  |k v.48:no.1-2  |l 2014:Winter-Spring  |m A14843121089  |p ric  |s JLF  |t 0 
952 f f |a Texas A&M University  |b Rellis Campus  |c Joint Library Facility  |d Remote Storage  |e TP165 .C18  |h Library of Congress classification  |i unmediated -- volume  |k v.48:no.3-4  |l 2014:Summer-Fall  |m A14843121071  |p ric  |s JLF  |t 0 
952 f f |a Texas A&M University  |b Rellis Campus  |c Joint Library Facility  |d Remote Storage  |e TP165 .C18  |h Library of Congress classification  |i unmediated -- volume  |k v.40  |l 2006  |m A14835882701  |p ric  |s JLF  |t 0 
952 f f |a Texas A&M University  |b Rellis Campus  |c Joint Library Facility  |d Remote Storage  |e TP165 .C18  |h Library of Congress classification  |i unmediated -- volume  |k v.46:no.1-2  |l 2012:Winter-Spring  |m A14843121121  |p ric  |s JLF  |t 0 
952 f f |a Texas A&M University  |b Rellis Campus  |c Joint Library Facility  |d Remote Storage  |e TP165 .C18  |h Library of Congress classification  |i unmediated -- volume  |k v.49:no.3-4  |l 2015:Summer-Fall  |m A14850342974  |p ric  |s JLF  |t 0 
952 f f |a Texas A&M University  |b Rellis Campus  |c Joint Library Facility  |d Remote Storage  |e TP165 .C18  |h Library of Congress classification  |i unmediated -- volume  |k v.37:no.2-4  |l 2003:Spring-Fall  |m A14831515239  |p ric  |s JLF  |t 0 
952 f f |a Texas A&M University  |b Rellis Campus  |c Joint Library Facility  |d Remote Storage  |e TP165 .C18  |h Library of Congress classification  |i unmediated -- volume  |k v.17-18  |l 1983-84  |m A14852833566  |p ric  |s JLF  |t 0 
952 f f |a Texas A&M University  |b Rellis Campus  |c Joint Library Facility  |d Remote Storage  |e TP165 .C18  |h Library of Congress classification  |i unmediated -- volume  |k v.42  |l 2008  |m A14838472408  |p ric  |s JLF  |t 0 
952 f f |a Texas A&M University  |b Rellis Campus  |c Joint Library Facility  |d Remote Storage  |e TP165 .C18  |h Library of Congress classification  |i unmediated -- volume  |k v.52:no.1-2  |l 2018:Winter-Spring  |m A14850418246  |p ric  |s JLF  |t 0 
952 f f |a Texas A&M University  |b Rellis Campus  |c Joint Library Facility  |d Remote Storage  |e TP165 .C18  |h Library of Congress classification  |i unmediated -- volume  |k v.53:no.3-4  |l 2019:Summer-Fall  |m A14851467374  |p ric  |s JLF  |t 0 
952 f f |a Texas A&M University  |b Rellis Campus  |c Joint Library Facility  |d Remote Storage  |e TP165 .C18  |h Library of Congress classification  |i unmediated -- volume  |k v.32  |l 1998  |m A14824956628  |p ric  |s JLF  |t 0 
952 f f |a Texas A&M University  |b Rellis Campus  |c Joint Library Facility  |d Remote Storage  |e TP165 .C18  |h Library of Congress classification  |i unmediated -- volume  |k v.39  |l 2005  |m A14834470941  |p ric  |s JLF  |t 0 
952 f f |a Texas A&M University  |b Rellis Campus  |c Joint Library Facility  |d Remote Storage  |e TP165 .C18  |h Library of Congress classification  |i unmediated -- volume  |k v.47:no.1-2  |l 2013:Winter-Spring  |m A14843121105  |p ric  |s JLF  |t 0 
952 f f |a Texas A&M University  |b Rellis Campus  |c Joint Library Facility  |d Remote Storage  |e TP165 .C18  |h Library of Congress classification  |i unmediated -- volume  |k v.25  |l 1991  |m A14817159427  |p ric  |s JLF  |t 0 
952 f f |a Texas A&M University  |b Rellis Campus  |c Joint Library Facility  |d Remote Storage  |e TP165 .C18  |h Library of Congress classification  |i unmediated -- volume  |k v.52:no.3-4  |l 2018:Summer-Fall  |m A14850417206  |p ric  |s JLF  |t 0 
998 f f |a TP165 .C18  |s v.38-54 (2004-2020)  |t 0  |l Remote Storage